000 00524nam a2200169Ia 4500
008 090124s9999 xx 000 0 und d
082 _b19263
_a33
100 _aआपटे हरि नारायण
245 _a जबरीचा विवाह
250 _a0
300 _a32
600 _aआपटे हरि नारायण
630 _a जबरीचा विवाह
700 _aआपटे हरि नारायण
730 _a जबरीचा विवाह
942 _cBOOK
999 _c133203
_d133203